| Tag |
First Indicator |
Second Indicator |
Subfields |
| LEADER |
00000cam a2200000Ia 4500 |
| 001 |
in00002034821 |
| 005 |
20151101051704.0 |
| 008 |
020918s2002 sp b 001 0 spa d |
| 020 |
|
|
|a 8484601552
|
| 035 |
|
|
|a (OCoLC)ocm50642842
|
| 040 |
|
|
|a PL#
|c PL#
|d OCLCQ
|d TXA
|d UtOrBLW
|
| 043 |
|
|
|a e-sp---
|
| 049 |
|
|
|a TXAM
|
| 090 |
|
|
|a DP270
|b .S467 2002
|
| 100 |
1 |
|
|a Serrano, Secundino.
|
| 245 |
1 |
0 |
|a Maquis :
|b historia de la guerrilla antifranquista /
|c Secundino Serrano.
|
| 250 |
|
|
|a 1. ed.
|
| 264 |
|
1 |
|a [Madrid] :
|b Temas de Hoy,
|c 2002.
|
| 300 |
|
|
|a 430 pages ;
|c 18 cm.
|
| 336 |
|
|
|a text
|b txt
|2 rdacontent
|
| 337 |
|
|
|a unmediated
|b n
|2 rdamedia
|
| 338 |
|
|
|a volume
|b nc
|2 rdacarrier
|
| 490 |
1 |
|
|a Divulgación
|
| 500 |
|
|
|a "Booket 3038."
|
| 504 |
|
|
|a Includes bibliografical references (pages 399-407) and index.
|
| 650 |
|
0 |
|a Guerrillas
|z Spain
|x History
|y 20th century.
|
| 650 |
|
0 |
|a Government, Resistance to
|z Spain
|x History
|y 20th century.
|
| 650 |
|
0 |
|a Francoism.
|
| 651 |
|
0 |
|a Spain
|x Politics and government
|y 1939-1975.
|
| 653 |
|
|
|a Guerrillas
|a España
|a 1936-1952.
|
| 653 |
|
|
|a España
|a Historia
|a Siglo XX.
|
| 830 |
|
0 |
|a Divulgación.
|
| 938 |
|
|
|a Puvill Libros
|b PUVL
|n 8484601552
|c $7.70
|
| 948 |
|
|
|a cataloged
|b h
|c 2005/11/4
|d c
|e fpiscitelli
|f 6:50:55 pm
|
| 994 |
|
|
|a C0
|b TXA
|
| 999 |
|
|
|a MARS
|
| 999 |
f |
f |
|s 75c4eab6-21f0-35cb-9fbb-5720a47c397e
|i 04269877-1544-3f8d-b27d-79d81b81f4ff
|t 0
|
| 952 |
f |
f |
|p ric
|a Texas A&M University
|b Rellis Campus
|c Joint Library Facility
|d Remote Storage
|t 0
|e DP270 .S467 2002
|h Library of Congress classification
|i unmediated -- volume
|m A14833075659
|
| 998 |
f |
f |
|a DP270 .S467 2002
|t 0
|l Remote Storage
|